000 02922 a2200769 4500
020 _aHB
082 _a625.1
_bYAM
_cMCE and N-01,P-140.
100 _aYameen, S.M
_938683
245 _aRailway engineering volume 1
260 _aLahore. :
_bThe Carwan Book House,
_c1925.
300 _aXI, 648 p.
500 _aRailway engineering
526 _a0
_b0
_c0
_d625_100000000000000_YAM
526 _a0
_b0
_c0
_d625_100000000000000_YAM
526 _a0
_b0
_c0
_d625_100000000000000_YAM
526 _a0
_b0
_c0
_d625_100000000000000_YAM
526 _a0
_b0
_c0
_d625_100000000000000_YAM
526 _a0
_b0
_c0
_d625_100000000000000_YAM
526 _a0
_b0
_c0
_d625_100000000000000_YAM
526 _a0
_b0
_c0
_d625_100000000000000_YAM
526 _a0
_b0
_c0
_d625_100000000000000_YAM
526 _a0
_b0
_c0
_d625_100000000000000_YAM
526 _a0
_b0
_c0
_d625_100000000000000_YAM
526 _a0
_b0
_c0
_d625_100000000000000_YAM
526 _a0
_b0
_c0
_d625_100000000000000_YAM
526 _a0
_b0
_c0
_d625_100000000000000_YAM
526 _a0
_b0
_c0
_d625_100000000000000_YAM
526 _a0
_b0
_c0
_d625_100000000000000_YAM
526 _a0
_b0
_c0
_d625_100000000000000_YAM
526 _a0
_b0
_c0
_d625_100000000000000_YAM
526 _a0
_b0
_c0
_d625_100000000000000_YAM
526 _a0
_b0
_c0
_d625_100000000000000_YAM
526 _a0
_b0
_c0
_d625_100000000000000_YAM
526 _a0
_b0
_c0
_d625_100000000000000_YAM
526 _a0
_b0
_c0
_d625_100000000000000_YAM
526 _a0
_b0
_c0
_d625_100000000000000_YAM
526 _a0
_b0
_c0
_d625_100000000000000_YAM
526 _a0
_b0
_c0
_d625_100000000000000_YAM
526 _a0
_b0
_c0
_d625_100000000000000_YAM
526 _a0
_b0
_c0
_d625_100000000000000_YAM
526 _a0
_b0
_c0
_d625_100000000000000_YAM
526 _a0
_b0
_c0
_d625_100000000000000_YAM
526 _a0
_b0
_c0
_d625_100000000000000_YAM
526 _a0
_b0
_c0
_d625_100000000000000_YAM
526 _a0
_b0
_c0
_d625_100000000000000_YAM
526 _a0
_b0
_c0
_d625_100000000000000_YAM
526 _a0
_b0
_c0
_d625_100000000000000_YAM
526 _a0
_b0
_c0
_d625_100000000000000_YAM
526 _a0
_b0
_c0
_d625_100000000000000_YAM
526 _a0
_b0
_c0
_d625_100000000000000_YAM
526 _a0
_b0
_c0
_d625_100000000000000_YAM
526 _a0
_b0
_c0
_d625_100000000000000_YAM
526 _a0
_b0
_c0
_d625_100000000000000_YAM
526 _a0
_b0
_c0
_d625_100000000000000_YAM
526 _a0
_b0
_c0
_d625_100000000000000_YAM
526 _a0
_b0
_c0
_d625_100000000000000_YAM
526 _a0
_b0
_c0
_d625_100000000000000_YAM
526 _a0
_b0
_c0
_d625_100000000000000_YAM
526 _a0
_b0
_c0
_d625_100000000000000_YAM
526 _a0
_b0
_c0
_d625_100000000000000_YAM
526 _a0
_b0
_c0
_d625_100000000000000_YAM
526 _a0
_b0
_c0
_d625_100000000000000_YAM
526 _a0
_b0
_c0
_d625_100000000000000_YAM
526 _a0
_b0
_c0
_d625_100000000000000_YAM
650 _aMCE
_9379
942 _2ddc
_cBK
999 _c543338
_d543338